Automatizace řízení cestovního ruchu

Enregistré dans:
Détails bibliographiques
Auteur principal: Trávníčková, Dana
Collectivité auteur: Vysoká škola ekonomická v Praze. Fakulta řízení
Format: Livre
Langue:tchèque
Publié: Praha Státní pedagogické nakladatelství 1985
Tags: Ajouter un tag
Pas de tags, Soyez le premier à ajouter un tag!

MARC

LEADER 00000nam a2200000 4500
001 c108823
005 20190204092640.4
041 0 |a cze 
044 |a CZ 
245 1 0 |a Automatizace řízení cestovního ruchu  |c Dana Trávničková 
264 1 |a Praha  |b Státní pedagogické nakladatelství  |c 1985 
300 |a 251 s. 
100 1 |a Trávníčková, Dana 
710 2 |a Vysoká škola ekonomická v Praze. Fakulta řízení